000 01771cam a2200397 a 4500
001 15886639
003 OSt
005 20260213130715.0
008 090831r20091988iluab b 000 0 eng
010 _a 2009035758
020 _a9780830842261
_qpbk. : alk. paper
035 _a15886639
040 _aDLC
_cDLC
_dDLC
050 0 0 _aBS1595.53
_b.B35 2009
082 0 0 _a224/.907
_222
100 1 _aBaker, David W.
_q(David Weston),
_d1950-
245 1 0 _aObadiah, Jonah, and Micah :
_ban introduction and commentary /
_cDavid W. Baker, T. Desmond Alexander, and Bruce K. Waltke.
260 _aNottingham, England :
_bInter-Varsity Press ;
_aDowners Grove, Ill. :
_bIntervarsity Press,
_c2009.
300 _a226 p. :
_bill., maps ;
_c22 cm.
336 _atext
_btxt
_2rdacontent
337 _aunmediated
_bn
_2rdamedia
338 _avolume
_bnc
_2rdacarrier
490 0 _aTyndale Old Testament commentaries ;
_vv. 26
500 _aOriginally published: Obadiah : an introduction and commentary / by David W. Baker. Jonah : an introduction and commentary / by T. Desmond Alexander. Mica : an introduction and commentary / by Bruce K. Waltke. c1988.
504 _aIncludes bibliographical references.
630 0 0 _aBible.
_pObadiah
_xCommentaries.
630 0 0 _aBible.
_pJonah
_xCommentaries.
630 0 0 _aBible.
_pMicah
_xCommentaries.
700 1 2 _aBaker, David W.
_q(David Weston),
_d1950-
_tObadiah.
700 1 2 _aAlexander, T. Desmond.
_tJonah.
700 1 2 _aWaltke, Bruce K.
_tMicah.
906 _a7
_bcbc
_corignew
_d1
_eecip
_f20
_gy-gencatlg
942 _2lcc
_cBK
999 _c21215
_d21214